=LDR 00000nam 2200000 4500 =001 INLIS000000000060456 =005 20220315014958 =035 ##$$a 0010-0222000010 =007 ta =008 220315###########################0#ind## =082 ##$$a R.324.02 =084 ##$$a R. 324.02 Ind u =245 ##$$a Undang-Undang Republik Indonesia Nomor 23 Tahun 2003 Tentang Pemilihan Umum Presiden dan Wakil Presiden =300 ##$$a 126 halaman ; $c 21 cm. =650 #4$$a Indonesia - Undang-Undang dan Peraturan =264 ##$$a jakarta :$b Sekretaris Negara Republik Indonesia,$c 2003 =336 ##$$a teks$2 rdacontent =337 ##$$a lain-lain$2 rdamedia =338 ##$$a lain-lain$2 rdacarrier =990 ##$$a 3202200507 =990 ##$$a 3202200508 =990 ##$$a 3202200507 =990 ##$$a 3202200508